| 000 | 00669nam a2200217 i 4500 | ||
|---|---|---|---|
| 001 | bgj | ||
| 100 | 1 | _aOXENDEN, Clive | |
| 245 | 1 | 0 |
_aNew English File : _belementary : matura workbook / _cClive Oxenden ; Christina Latham-Koenig ; with Paul Seligson. |
| 260 |
_aOxford : _bOxford University Press, _c2004. |
||
| 300 |
_a79 pp : _bill. ; _c28 cm. |
||
| 650 | 9 | _aEnglish language | |
| 655 | _aTextbooks for foreigners | ||
| 700 | 1 |
_aLATHAM-KOENIG, Christina. _eco-author |
|
| 700 | 1 |
_aSELIGSON, Paul. _eco-author |
|
| 020 | _a0194388697 | ||
| 040 | _cBPK | ||
| 041 | 0 | _aeng | |
| 920 | _a0-19-438869-7 | ||
| 942 | _cKS | ||
| 008 | s uk f |000 0 eng | ||
| 999 |
_c48971 _d48971 |
||
| 856 |
_uhttp://koha.tu.koszalin.pl/cgi-bin/koha/opac-detail.pl?biblionumber=48971 _yKatalog online BPK |
||